Library of the University of Algiers 3
Ibrahim Sultan Cheibout
شعار جامعة الجزائر 3
مكتبة جامعة الجزائر 3
إبراهيم سلطان شيبوط

العمليات المصرفية الإسلامية : (رقم التسجيلة. 44211)

تفاصيل مارك
000 -LEADER
fixed length control field 01989nam a2200253Ia 4500
003 - CONTROL NUMBER IDENTIFIER
control field Ost
005 - DATE AND TIME OF LATEST TRANSACTION
control field 20260507075355.0
008 - FIXED-LENGTH DATA ELEMENTS--GENERAL INFORMATION
fixed length control field 260507s9999||||xx |||||||||||||| ||und||
020 ## - INTERNATIONAL STANDARD BOOK NUMBER
International Standard Book Number 87071199579
040 ## - CATALOGING SOURCE
Transcribing agency fsecg
041 ## - LANGUAGE CODE
Language code of text/sound track or separate title ara
082 ## - DEWEY DECIMAL CLASSIFICATION NUMBER
Classification number 330
100 ## - MAIN ENTRY--PERSONAL NAME
Personal name عبد الله، خالد أمين
Relator term مؤلف
245 #0 - TITLE STATEMENT
Title العمليات المصرفية الإسلامية :
Remainder of title الطرق المحاسبية الحديثة /
Statement of responsibility, etc. خالد أمين عبد الله
250 ## - EDITION STATEMENT
Edition statement طبعة 2
260 ## - PUBLICATION, DISTRIBUTION, ETC.
Place of publication, distribution, etc. عمان:
Name of publisher, distributor, etc. دار وائل للنشر والتوزيع,
Date of publication, distribution, etc. 2011
300 ## - PHYSICAL DESCRIPTION
Extent 664 صفحة؛
Other physical details إيضاحات ؛
Dimensions 25 سم
504 ## - BIBLIOGRAPHY, ETC. NOTE
Bibliography, etc. note المراجع ص.659
520 ## - SUMMARY, ETC.
Summary, etc. مدخل الى العمل المصرفي- الصيرفة الإسلامية- النظام المحاسبي في البنوك- محاسبة قسم الخزينة- محاسبة قسم الودائع- محاسبة قسم الكمبيالات- محاسبة المرابحة والمرابحة للآمر بالشراء- محاسبة التمويل بالمضاربة- محاسبة التمويل بالمشاركة- محاسبة السلم والسلم الموازي- محاسبة الإجارة والإجارة المنتهية بالتملك- محاسبة الإستصناع والإستصناع الموازي- محاسبة البيع الآجل- محاسبة الإستثمارات- محاسبة الكفالات المصرفية- محاسبة الإعتمادات المستندية- محاسبة بوالص التحصيل- محاسبة الحوالات- محاسبة تأجير الصناديق الحديدية- محاسبة بطاقة الإئتمان- إعداد الحسابات الختامية والقوائم المالية في البنوك- الكشوفات والتقارير
653 ## - INDEX TERM--UNCONTROLLED
Uncontrolled term المحاسبة، الإقتصاد الإسلامي
653 ## - INDEX TERM--UNCONTROLLED
Uncontrolled term المصارف الإسلامية
700 ## - ADDED ENTRY--PERSONAL NAME
Personal name سعيفان، حسين سعيد
Relator term مؤلف ثانوي
942 ## - ADDED ENTRY ELEMENTS (KOHA)
Koha item type كتب
المقتنيات
Withdrawn status Lost status Source of classification or shelving scheme Damaged status Not for loan Home library Current library Date acquired Serial enumeration / chronology Inventory number Total checkouts Full call number Barcode Date last seen Price effective from Koha item type
    Dewey Decimal Classification   NOT LOAN / إعارة داخلية مكتبة كلية العلوم الإقتصادية والعلوم التجارية وعلوم التسيير مكتبة كلية العلوم الإقتصادية والعلوم التجارية وعلوم التسيير 07/05/2026 الطابق الأرضي 25292   أ/4269ن1 25292 07/05/2026 07/05/2026 كتب
    Dewey Decimal Classification   Available مكتبة كلية العلوم الإقتصادية والعلوم التجارية وعلوم التسيير مكتبة كلية العلوم الإقتصادية والعلوم التجارية وعلوم التسيير 07/05/2026 الطابق الأرضي 25293   أ/4269ن2 25293 07/05/2026 07/05/2026 كتب

موارد الويب المفتوحة


© University of Algiers 3 All Rights Reserved
|
Implemented by LECHELAH Riad